Famous Singles by First Lyrics - Statistics

General Stats
  • This quiz has been taken 217 times
  • The average score is 30 of 80
Answer Stats
Hint Answer % Correct
Is this the real life? Is this just fantasy? Bohemian Rhapsody
94%
Queen
86%
Queen
86%
I don't want a lot for Christmas There is just one thing I need All I Want for Christmas Is You
77%
___ _______, I gave you my heart
But the very next day you gave it away
Last Christmas
76%
I've paid my dues Time after time We Are the Champions
74%
I can't get no ________ (2×)'Cause I try', and I try (I Can't Get No) Satisfaction
73%
Mariah Carey
72%
____, it's me I was wondering if after all these years you'd like to meet Hello
70%
______ there's no heaven It's easy if you try Imagine
70%
Ooh, you can dance, you can jive Having the time of your life Dancing Queen
69%
________ all my troubles seemed so far awayNow it looks as though they're here to stay Yesterday
69%
ABBA
68%
The Beatles
66%
Somewhere ___ __ ______Way up high Over the Rainbow
65%
Adele
62%
She was more like a beauty queen From a movie scene Billie Jean
62%
Michael Jackson
62%
My, my, at _______Napoleon did surrender Waterloo
62%
The Rolling Stones
61%
John Lennon
60%
On a dark desert highwayCool wind in my hair Hotel California
59%
Wham!
59%
Oppan _______ ____ (2×)Najelu dasun ono igajagi yoja Gangnam Style
55%
There's a lady who's sureAll that glitters is gold Stairway to Heaven
53%
Coldplay
52%
Eagles
51%
[…] Si, sabes que ya llevo un rato mirándote Tengo que bailar contigo hoy Despacito
49%
I used to rule the world Seas would rise when I gave the word Viva la Vida
48%
Psy
47%
Lady Gaga
46%
Oh-oh-oh-oh-oh, oh-oh-oh-oh, oh-oh-oh Caught in a ___ _______ Bad Romance
45%
Led Zeppelin
45%
Beyoncé
43%
We're no strangers to love You know the rules and so do I Never Gonna Give You Up
43%
Celine Dion
42%
Judy Garland
42%
Every night in my dreams I see you, I feel you My Heart Will Go On
42%
All the _____ ______ (5×)Now put your hands up Single Ladies (Put a Ring on It)
42%
The snow glows white on the mountain tonight Not a footprint to be seen Let It Go
41%
Rick Astley
40%
Luis Fonsi & Daddy Yankee
38%
They told him, "Don't you ever come around here. Don't wanna see your face. You better disappear." Beat It
37%
Idina Menzel
36%
Load up on guns, bring your friends It's fun to lose and to pretend Smells Like Teen Spirit
35%
Nirvana
34%
Hello, hello, baby, you called?I can't hear a thing Telephone
31%
Deep down in Louisiana close to New Orleans Way back up in the woods among the evergreens Johnny B. Goode
24%
Chuck Berry
22%
Shakira
22%
There comes a timeWhen we heed a certain call We Are the World
21%
Lena Meyer-Landrut
16%
I follow the Moskva Down to Gorky Park Wind of Change
16%
Bob Dylan
15%
Why, why can't this moment last forevermore? Tonight, tonight eternity's an open door Euphoria
15%
Once upon a time you dressed so fine You threw the bums a dime in your prime Like a Rolling Stone
15%
USA for Africa
15%
Loreen
14%
I went everywhere for you I even did my hair for you Satellite
14%
Scorpions
14%
[…] You're a good soldier Choosing your battles Waka Waka (This Time for Africa)
14%
Waking in the rubble Walking over glass Rise Like a Phoenix
10%
Conchita Wurst
9%
Don't tell the gods I left a mess I can't undo what has been done Heroes
9%
Måns Zelmerlöw
9%
Britney Spears
8%
Lordi
8%
Ree, ouch, hey, hm, la (4×)[…] Look at me, I'm a beautiful creature Toy
8%
When strangers are coming They come to your house 1944
7%
____ ____ ________! (2×) The saints are crippled on this sinners' night Hard Rock Hallelujah
7%
Vor der Kaserne, vor dem großen TorStand eine Laterne, und steht sie noch davor Lili Marleen
7%
The sky is red tonight We're on the edge tonight Only Teardrops
7%
Emmelie de Forest
6%
Lale Andersen
6%
Netta
6%
Jamala
4%
Oh oh oh-oh, oh oh-oh, oh oh-oh (2×) Come to me, come to me tonight Running Scared
4%
Hey, over there Please, forgive me Hold It Against Me
3%
Lately, I've been stuck imagining What I wanna do and what I really think I Wanna Go
3%
Ell & Nikki
2%
No matching quizzes found
Score Distribution
Percent of People with Each Score
Percentile by Number Answered
Your Score History
You have not taken this quiz